000 00809nam a22001697a 4500
999 _c63415
_d63415
003 Ge_BSU
005 20251006141517.0
008 251006s1976 ge ||||| |||| 00| 0 geo d
041 _ageo
080 _a63(479.22)(09) ლ-81
100 _aლომაშვილი, ფარნაოზ
_919199
245 _aსაქართველოს სოფლის მეურნეობის სოციალისტური გარდაქმნის ისტორიოგრაფია /
_cფარნაოზ ლომაშვილი.
264 _aთბ. :
_bსაბჭ. საქართველო,
_c1976.
300 _a181 გვ. ;
_b20 სმ.
653 _aსაქართველოს სოფლის მეურნეობა
942 _2udc
_cᲬᲘᲒᲜᲘ